Statistics for Most Populated Islands A-Z

Click here to take the quiz!

General Stats

  • This quiz has been taken 27 times
    (6 since last reset)
  • The average score is 16 of 26

Answer Stats

Letter Island % Correct
SSumatra
100%
WIsle of {Wight}
100%
GGreat Britain
100%
HHonshu
100%
IIreland
100%
JJava
100%
MMadagascar
100%
BBorneo
100%
TTaiwan
100%
NNew Guinea
80%
CCuba
80%
VVancouver
80%
LLuzon
80%
XXiamen
60%
KKyushu
60%
OOkinawa
60%
ZZhongshan
40%
PPanay
40%
FFlores
40%
RRéunion
20%
QQeshm
20%
EEuboea
20%
YYangzhong
20%
UUnguja
0%
DDakhin Shahbazpur
0%
AAmbon
0%

Score Distribution

Percentile by Number Answered

Percent of People with Each Score

Your Score History

You have not taken this quiz since the last reset